LEADER 01411nam a2200313 i 4500 001 000000085310 003 CaOOAMICUS 005 20190430172051.0 008 180830s1992 it u000 u ita u 013 $a57550 020 $a88-459-0332-X 040 $aSeMil$bita 100 1 $aNietzsche, Friedrich,$d<1844-1900>.$0(OLS)http://semarc/name/1250 240 14$aDie fröhliche Wissenschaft.$0(OLS)http://semarc/title/422969 245 13$aLa gaia scienza e Idilli di Messina /$cFriedrich Nietzsche ; nota introduttiva di Giorgio Colli ; versione di Ferruccio Masini. 250 $aNuova edizione riveduta 264 1$aMilano :$bAdelphi,$c1992. 300 $a364 p. ;$c18 cm 490 0 $aPiccola Biblioteca Adelphi ;$v54 650 4$aFilosofia - Testi - Sec. 19.$0(OLS)http://semarc/subject/149 700 1 $aMasini, Ferruccio,$d<1928-1988>.$0(OLS)http://semarc/name/21252 700 1 $aColli, Giorgio,$d<1917-1979>.$0(OLS)http://semarc/name/922 830 0$aPiccola biblioteca Adelphi ;$v54.$0(OLS)http://semarc/title/7074 850 $aSeMil 852 $aSeMil$W1$xVenegono$y1$m2OA II 20$j212438$B49344$CSeMilBibl$Z2$F52909 $81 996 $6020$a88-459-0332-X$9(OLS)http://semarc/number/287187 996 $6245$aLa gaia scienza e Idilli di Messina$9(OLS)http://semarc/title/422968 996 $6264$aMilano :$bAdelphi$9(OLS)http://semarc/publisher/30018 LEADER 01163nam a2200217 i 4500 001 000000061947 003 CaOOAMICUS 005 20130430000000.0 008 130430s1857 xx u000 u lat u 013 $a33119 040 $aSeMil$bita 245 10$aDe Deo creatore, Thesis dogmatica de Immaculata B.M.V. conceptione, De incarnatione .. 300 $a777 p. 650 4$aAntropologia teologica.$0(OLS)http://semarc/subject/2114 650 4$aMariologia - Trattati.$0(OLS)http://semarc/subject/3465 773 0 $aPerrone, Giovanni $tPraelectiones theologicae quas in Collegio Romano S. J. habebat Joannes Perrone.$dGenuae : Darius Josephus Rossi ; Mediolani : Carolus Turati & soc., 1857.$bEditio 25. diligenter emendata, sola ab auctore revisa et pluribus aucta additamentis praecipue thesi dogmatica de Immaculata B.M.V. conceptione.$g3$w()28456 850 $aSeMil 852 $aSeMil$W1$xVenegono$y1$m2L II 117 FA$j28100$B28100$CSeMilBibl$Z2$F28103 $8I 941 1 $a10 961 $aRecupero: Mantegazza 996 $6245$aDe Deo creatore, Thesis dogmatica de Immaculata B.M.V. conceptione, De incarnatione ..$9(OLS)http://semarc/title/97465